| 000 | 01124nam a22002417a 4500 | ||
|---|---|---|---|
| 003 | KOHA_MİRAKIL | ||
| 005 | 20260408112612.0 | ||
| 008 | 260408b tu ||||| |||| 00| 0 tur d | ||
| 020 | _a9754560064 | ||
| 040 |
_aTR-AnABB _btur _cTR-AnABB |
||
| 041 | _atur | ||
| 082 |
_a956.1023 _bOKE 1998 |
||
| 100 | 1 |
_aÖke, M. Kemal _93361 |
|
| 245 | 1 | 0 |
_aİngiltere'nin Güneydoğu Anadolu siyaseti ve Binbaşı E. W. C. Noel'in faaliyetleri / _cM. Kemal Öke |
| 260 |
_aAnkara : _bTürk Kültürünü Araştırma Enstitüsü; _c1988 |
||
| 300 |
_a132 sayfa ; _c20 cm |
||
| 490 | 0 |
_aTürk Kültürünü Araştırma Enstitüsü Yayınları ; _v87 |
|
| 505 | _aİçindekiler: Doğu ve Güneydoğu Anadolu Aşiretleri Hakkında - Mondras Mütarekesi sonrasında İngiliz işgalindeki Irak'da siyasi vaziyet - Noel'in Güneydoğu Anadolu Seyahati ve İlk İntibaları - İngilizler'in yeni teşebbüsleri - Politika tesbitine doğru - Mustafa Kemal Paşa'nın duruma hakim olarak | ||
| 650 | 0 | 4 |
_aTarih, Türkiye _9582 |
| 650 | 0 | 4 |
_aTarih, Türkiye, Dış İlişkiler _93362 |
| 900 | _bCan ÇELIK | ||
| 942 |
_2ddc _cBK |
||
| 999 |
_c10197 _d10197 |
||